000 00661nam a2200217 a 4500
999 _c3513
_d3513
001 3513
003 BD-JhCC
005 20171114183054.0
008 171114s1373 bg |||| ||a| 000 0 ben d
035 _a(BD-JhCC)3513
040 _aBD-JhCC
_dBD-JhCC
041 _aben
082 _a891.4409
_bDAS 1373
100 _aদাশগুপ্ত, রনেশ
245 _aশিল্পীর স্বাধীনতার প্রশ্নে /
_cরনেশ দাশগুপ্ত
260 _aঢাকা :
_bপ্রকাশ ভবন,
_c1373.
300 _a127 p. :
_c21 cm.
650 _aBengali Literature
942 _2ddc
_cBK